| 000 | 00426nam a2200181Ia 4500 | ||
|---|---|---|---|
| 008 | 170918s9999 xx 000 0 und d | ||
| 020 | _a9780385496490 | ||
| 050 | _bA339 1997 | ||
| 100 | _aAlbom, Mitch | ||
| 245 | _aTuesdays with Morrie / | ||
| 245 | _cby Mitch Albom. | ||
| 260 | _aNew York : | ||
| 260 | _bAnchor Books, | ||
| 260 | _c1997 | ||
| 300 | _a192 pages : | ||
| 300 | _billustrations ; | ||
| 300 | _c19cm. | ||
| 999 |
_c344351 _d344351 |
||